000
00314 a2200121 4500
001
ART_17570
005
20260410161750.0
008
260409a
245
1
0
_a
Great by choice
100
1
_a
Hansen, Morten T.
700
1
_a
Collins, Jim
773
0
_t
Book Summary
_g
- NÂș 15 (ene. 2012)
_w
REV4099
999
_c
19612
_d
19612